Statistics for Official Languages of Asia by Country

Click here to take the quiz!

General Stats

  • This quiz has been taken 704 times
  • The average score is 43 of 48

Answer Stats

HintAnswer% Correct
ChinaMandarin Chinese
98%
JapanJapanese
97%
ArmeniaArmenian
96%
IndiaHindi
96%
IsraelHebrew
95%
South KoreaKorean
95%
North KoreaKorean
95%
MalaysiaMalay
95%
ThailandThai
95%
United Arab EmiratesArabic
94%
Saudi ArabiaArabic
94%
TurkeyTurkish
94%
VietnamVietnamese
94%
JordanArabic
93%
IraqArabic
93%
YemenArabic
93%
KuwaitArabic
92%
OmanArabic
92%
SyriaArabic
92%
QatarArabic
92%
GeorgiaGeorgian
92%
LebanonArabic
91%
BahrainArabic
91%
AzerbaijanAzerbaijani
91%
SingaporeChinese
91%
IranFarsi
91%
PhilippinesFilipino
91%
IndonesiaIndonesian
91%
TaiwanMandarin Chinese
91%
MongoliaMongolian
91%
NepalNepali
91%
LaosLao
90%
BangladeshBengali
89%
UzbekistanUzbek
89%
CyprusGreek
88%
KazakhstanKazakh
88%
TajikistanTajik
88%
BurmaBurmese
87%
KyrgyzstanKyrgyz
87%
TurkmenistanTurkmen
87%
PakistanUrdu
81%
CambodiaKhmer
80%
BruneiMalay
78%
AfghanistanPashto
78%
Sri LankaSinhala
76%
BhutanBhutanese
73%
MaldivesDhivehi
68%
East TimorTetum
68%

Score Distribution

Percentile by Number Answered

Percent of People with Each Score

Your Score History

You have not taken this quiz